Revoluciones y conflictos internacionales en el Caribe (1789-1854) (Record no. 7613)
[ view plain ]
| 000 -LEADER | |
|---|---|
| campo de control de longitud fija | 00394nam a2200145Ia 4500 |
| 001 - NÚMERO DE CONTROL | |
| campo de control | 2504 |
| 008 - DATOS DE LONGITUD FIJA--INFORMACIÓN GENERAL | |
| campo de control de longitud fija | 241024s9999 xx 000 0 und d |
| 020 ## - NÚMERO INTERNACIONAL ESTÁNDAR DEL LIBRO | |
| Número Internacional Estándar del Libro | 978-9945-074-48-2 |
| 082 ## - NÚMERO DE LA CLASIFICACIÓN DECIMAL DEWEY | |
| Número de clasificación | RD/972.9/F825r |
| 100 ## - ENTRADA PRINCIPAL--NOMBRE DE PERSONA | |
| Nombre de persona | José L. Franco |
| 245 #0 - MENCIÓN DEL TÍTULO | |
| Título | Revoluciones y conflictos internacionales en el Caribe (1789-1854) |
| 260 ## - PUBLICACIÓN, DISTRIBUCIÓN, ETC. | |
| Nombre del editor, distribuidor, etc. | Corripio |
| Fecha de publicación, distribución, etc. | 2012 |
| 901 ## - ELEMENTOS DE DATOS A LOCAL LDA (RLIN) | |
| a | 19/9/2012 3:31:33 p.m. |
No items available.